000
00236nam a22001097a 4500
082
_a
355.02 ELA'O
100
_a
CLAUSEWITZ, CARL VON
_9
2759
245
_a
ON WAR
260
_a
NEW JERSCY
_b
PRINCETON
_c
1976
300
_a
717P
942
_c
BK
999
_c
582242
_d
582242